Guess the Swans Song - Statistics

General Stats
  • This quiz has been taken 38 times
  • The average score is 8 of 15
Answer Stats
Hint Song % Correct
This song is about asthma Oxygen
79%
This song is abbreviated to "M/F" on some releases Mother_Father
76%
Originally released on a Gira solo project, this song was later included as a bonus track on White Light From the Mouth of Infinity Blind
73%
This song features vocals from Karen O Song for a Warrior
64%
The last song they performed on their final tour before they broke up in 1997 Blood Promise
58%
This song features voice recordings of Gira's father and Jarboe's mother How They Suffer
58%
A song about an entity called Joseph The Glowing Man
58%
A 45-minute song exclusive to the live CD "Deliquescence" The Knot
55%
"There are millions and millions of stars in your eyes" To Be Kind
55%
This song from Children of God had an earlier version which appeared on their EP "A Screw" Blackmail
45%
"I couldn't stop myself I knew I'd do it again" Killing for Company
45%
"Use hate for freedom Use money for Cruelty" Power for Power
45%
This song eventually turned into Bring the Sun / Toussaint L'Ouverture The Seer
45%
The lyrics to this song were originally written by Gira for Sonic Youth in the 80's The World Looks Red / The World Looks Black
45%
The lyrics to this song were inspired by the movie "Melancholia" by Lars Von Triers Kirsten Supine
42%
No matching quizzes found
Score Distribution
Percent of People with Each Score
Percentile by Number Answered
Your Score History
You have not taken this quiz